Sprint - Tous les sprinteurs sous les 10 secondes sur 100m - Statistiques

Statistiques générales
  • Ce quiz a été pris 102 fois
  • Le résultat moyen est 18 sur 199
Statistiques - réponses
Date Athlète Temps Age Nationalité Meilleur Temps (Année) Cas de dopage % Correct
3 Mai 2008 Usain Bolt 9.76 21 Ans, 256 Jours Jamaique 9.58 (2009)
94%
9 Juillet 2010 Christophe Lemaitre 9.98 20 Ans, 28 Jours France 9.92 (2011)
76%
25 Juillet 2006 Tyson Gay 9.97 23 Ans, 350 Jours USA 9.69 (2009) Oui
63%
12 Juin 2004 Asafa Powell 9.99 21 Ans, 202 Jours Jamaique 9.72 (2008) Oui
61%
12 Juin 2022 Ackeem Blake 9.95 20 Ans, 142 Jours Jamaique 9.89 (2023)
59%
10 Juillet 2009 Yohan Blake 9.96 19 Ans, 196 Jours Jamaique 9.69 (2012) Oui
59%
15 Août 2003 Justin Gatlin 9.97 21 Ans, 186 Jours USA 9.74 (2015) Oui
54%
4 Mai 2002 Brian Lewis 9.99 27 Ans, 150 Jours USA 9.99 (2002)
49%
14 Mai 1983 Carl Lewis 9.97 21 Ans, 317 Jours USA 9.86 (1991)
49%
13 Juillet 2013 Jimmy Vicaut 9.95 21 Ans, 136 Jours France 9.86 (2015)
49%
13 Mai 2021 Marcell Jacobs 9.95 26 Ans, 229 Jours Italie 9.80 (2021)
45%
9 Juin 2018 Noah Lyles 9.93 20 Ans, 326 Jours USA 9.83 (2023)
44%
17 Mai 2015 Andre De Grasse 9.97 20 Ans, 188 Jours Canada 9.89 (2021)
34%
9 Juillet 1986 Ben Johnson 9.95 24 Ans, 191 Jours Canada 9.95 (1986) Oui
34%
21 Avril 2002 Joshua J. Johnson 9.95 25 Ans, 346 Jours USA 9.95 (2002)
34%
12 Juin 1997 Kareem Streete-Thompson 9.96 24 Ans, 74 Jours USA 9.96 (1997)
34%
6 Juillet 2023 Kishane Thompson 9.91 21 Ans, 354 Jours Jamaique 9.77 (2024)
34%
11 Septembre 1998 Obadele Thompson 9.87 22 Ans, 165 Jours Barbade 9.87 (1998)
34%
5 Mai 2003 Patrick Johnson 9.93 30 Ans, 221 Jours Australie 9.93 (2003)
34%
18 Mai 2008 Richard Thompson 9.93 22 Ans, 346 Jours Trinité et Tobago 9.82 (2014)
34%
7 Septembre 2012 Kemar Bailey-Cole 9.97 20 Ans, 241 Jours Jamaique 9.92 (2015)
31%
3 Juillet 2016 Christian Coleman 9.95 20 Ans, 119 Jours USA 9.76 (2019)
30%
30 Avril 2022 Letsile Tebogo 9.96 18 Ans, 327 Jours Botswana 9.91 (2022)
28%
24 Avril 2021 Fred Kerley 9.91 25 Ans, 352 Jours USA 9.76 (2022)
27%
21 Mai 2022 Oblique Seville 9.86 21 Ans, 66 Jours Jamaique 9.82 (2024)
24%
12 Juin 1997 Maurice Greene 9.96 22 Ans, 324 Jours USA 9.79 (1999)
23%
3 Juillet 2022 Méba-Mickaël Zeze 9.99 28 Ans, 45 Jours France 9.99 (2022)
21%
1 Juillet 2015 Akani Simbine 9.99 21 Ans, 283 Jours Afrique du Sud 9.84 (2021)
20%
20 Juin 2021 Kenny Bednarek 9.96 22 Ans, 249 Jours USA 9.89 (2021)
20%
9 Juin 2018 Zharnel Hughes 9.91 22 Ans, 331 Jours Grande Bretagne 9.83 (2023)
17%
21 Avril 1996 Ato Boldon 9.93 22 Ans, 113 Jours Trinité et Tobago 9.86 (1998)
14%
5 Juillet 2005 Ronald Pognon 9.99 22 Ans, 231 Jours France 9.99 (2005)
14%
13 Juin 2014 Trayvon Bromell 9.97 18 Ans, 338 Jours USA 9.76 (2021)
14%
11 Juin 2016 Aaron Brown 9.96 24 Ans, 15 Jours Canada 9.96 (2016)
13%
3 Juillet 1983 Calvin Smith 9.93 22 Ans, 176 Jours USA 9.93 (1983)
13%
24 Mai 2009 Daniel Bailey 9.99 22 Ans, 257 Jours Antigua et Barbuda 9.91 (2009)
13%
25 Juin 2005 Darrel Brown 9.99 20 Ans, 257 Jours Trinité et Tobago 9.99 (2005)
13%
22 Avril 1995 Donovan Bailey 9.99 27 Ans, 127 Jours Canada 9.84 (1996)
13%
22 Juin 2018 Filippo Tortu 9.99 20 Ans, 7 Jours Italie 9.99 (2018)
13%
21 Juin 2000 Francis Obikwelu 9.97 21 Ans, 212 Jours Nigeria/ Portugal 9.86 (2004)
13%
14 Octobre 1968 Jim Hines 9.95 22 Ans, 34 Jours USA 9.95 (1968)
13%
17 Mai 2014 Kemarley Brown 9.93 21 Ans, 301 Jours Jamaique 9.93 (2014)
13%
22 Juillet 2008 Nesta Carter 9.98 22 Ans, 285 Jours Jamaique 9.78 (2010) Oui
13%
29 Août 2010 Ryan Bailey 9.95 21 Ans, 138 Jours USA 9.88 (2010) Oui
13%
17 Avril 2021 Jo'Vaughn Martin 9.94 21 Ans, 276 Jours USA 9.94 (2021)
11%
27 Juillet 2002 Kim Collins 9.98 26 Ans, 113 Jours Saint-Christophe-et-Niévès 9.93 (2016)
11%
28 Juin 2008 Rodney Martin 9.95 25 Ans, 189 Jours USA 9.95 (2008)
11%
12 Mars 2016 Wayde Van Niekerk 9.98 A 23 Ans, 241 Jours Afrique du Sud 9.94 (2017)
11%
24 Septembre 1988 Linford Christie 9.97 28 Ans, 175 Jours Grande Bretagne 9.87 (1993) Oui
10%
30 Mai 2015 Su Bingtian 9.99 25 Ans, 274 Jours Chine 9.83 (2021)
8%
11 Mai 2019 Abdul Hakim Sani Brown 9.99 20 Ans, 66 Jours Japon 9.97 (2019)
7%
18 Juin 2024 Chituru Ali 9.96 25 Ans, 73 Jours Italie 9.96 (2024)
7%
20 Avril 2024 Christian Miller 9.93 17 Ans, 340 Jours USA 9.93 (2024)
7%
15 Août 2008 Churandy Martina 9.99 24 Ans, 43 Jours Antilles néerlandaises/Pays Bas 9.91 (2012)
7%
2 Juin 2000 Coby Miller 9.98 23 Ans, 227 Jours USA 9.98 (2000)
7%
25 Août 1991 Dennis Mitchell 9.99 25 Ans, 186 Jours USA 9.91 (1991) Oui
7%
13 Juin 1999 Dwain Chambers 9.99 21 Ans, 69 Jours Grande Bretagne 9.97 (1999) Oui
7%
4 Juin 2011 Nickel Ashmeade 9.96 21 Ans, 58 Jours Jamaique 9.90 (2013)
7%
15 Avril 2023 Terrence Jones 9.91 20 Ans, 158 Jours Bahamas 9.91 (2023)
7%
7 Juin 2015 Adam Gemili 9.97 21 Ans, 244 Jours Grande Bretagne 9.97 (2015)
6%
25 Juin 2015 Beejay Lee 9.99 22 Ans, 48 Jours USA 9.99 (2015)
6%
2 Juin 2000 Bernard Williams 9.99 22 Ans, 135 Jours USA 9.94 (2001) Oui
6%
28 Juin 2008 Darvis Patton 9.89 30 Ans, 207 Jours USA 9.89 (2008)
6%
20 Avril 2019 Divine Oduduru 9.94 22 Ans, 195 Jours Nigeria 9.86 (2019)
6%
25 Juin 2022 Favour Ashe 9.99 20 Ans, 58 Jours Nigeria 9.96 (2023)
6%
25 Août 1991 Frankie Fredericks 9.95 23 Ans, 327 Jours Namibia 9.86 (1996)
6%
28 Juin 2008 Ivory Williams 9.94 23 Ans, 57 Jours USA 9.94 (2008) Oui
6%
13 Juillet 2013 James Dasaolu 9.91 25 Ans, 311 Jours Grande Bretagne 9.91 (2013)
6%
30 Juin 2011 Jaysuma Saidy Ndure 9.99 26 Ans, 364 Jours Norvège 9.99 (2011)
6%
25 Mai 2024 Jeremiah Azu 9.97 23 Ans, 10 Jours Grande Bretagne 9.97 (2024)
6%
13 Mai 2018 Kendal Williams 9.99 22 Ans, 232 Jours USA 9.99 (2018)
6%
20 Juin 2021 Micah Williams 9.91 19 Ans, 220 Jours USA 9.86 (2022)
6%
16 Août 2008 Michael Frater 9.97 25 Ans, 315 Jours Jamaique 9.88 (2011)
6%
20 Juillet 2020 Michael Norman 9.86 22 Ans, 230 Jours USA 9.86 (2020)
6%
15 Avril 2017 Ronnie Baker 9.99 23 Ans, 182 Jours USA 9.83 (2021)
6%
2 Juin 2016 Ameer Webb 9.94 25 Ans, 75 Jours USA 9.94 (2016)
4%
26 Mars 2021 Benjamin Azamati-Kwaku 9.97 23 Ans, 71 Jours Ghana 9.90 (2022)
4%
6 Juin 2016 Ben Youssef Meïté 9.99 29 Ans, 208 Jours Côte d'Ivoire 9.96 (2016)
4%
7 Juin 2017 Cameron Burrell 9.93 22 Ans, 269 Jours USA 9.93 (2017)
4%
8 Juin 2014 Chijindu Ujah 9.96 20 Ans, 95 Jours Grande Bretagne 9.96 (2014)
4%
7 Juin 2017 Christopher Belcher 9.93 23 Ans, 129 Jours USA 9.93 (2017)
4%
9 Juin 2023 Courtney Lindsey 9.89 24 Ans, 203 Jours USA 9.89 (2023)
4%
12 Mai 2019 Cravon Gillespie 9.97 22 Ans, 285 Jours USA 9.93 (2019)
4%
24 Avril 2007 Derrick Atkins 9.98 23 Ans, 109 Jours Bahamas 9.91 (2007)
4%
24 Juin 2022 Elijah Hall 9.98 27 Ans, 306 Jours USA 9.90 (2022)
4%
24 Juin 2022 Emmanuel Matadi 9.98 31 Ans, 70 Jours Liberia 9.98 (2022)
4%
28 Septembre 2014 Femi Ogunode 9.93 23 Ans, 136 Jours Qatar 9.91 (2015) Oui
4%
23 Mai 2013 Isiah Young 9.99 23 Ans, 138 Jours USA 9.89 (2021)
4%
28 Juillet 2023 Issam Asinga 9.89 18 Ans, 211 Jours Suriname 9.89 (2023) Oui
4%
22 Juillet 1994 Jon Drummond 9.99 25 Ans, 316 Jours USA 9.92 (1997)
4%
15 Avril 2023 Joseph Fahnbulleh 9.98 21 Ans, 216 Jours Liberia 9.98 (2023)
4%
4 Juin 2011 Keston Bledman 9.93 23 Ans, 88 Jours Trinité et Tobago 9.86 (2012)
4%
10 Avril 2021 Kyree King 9.97 26 Ans, 275 Jours USA 9.97 (2021)
4%
16 Juin 1989 Leroy Burrell 9.94 22 Ans, 115 Jours USA 9.85 (1994)
4%
20 Mai 2015 Marvin Bracy 9.95 21 Ans, 156 Jours USA 9.85 (2021)
4%
16 Avril 2022 Matthew Boling 9.98 21 Ans, 300 Jours USA 9.98 (2022)
4%
7 Juin 2009 Mike Rodgers 9.94 24 Ans, 44 Jours USA 9.85 (2011) Oui
4%
25 Mai 2006 Olusoji Fasuba 9.93 21 Ans, 320 Jours Nigeria 9.85 (2006)
4%
29 Juin 2024 Owen Ansah 9.99 23 Ans, 214 Jours Allemagne 9.99 (2024)
4%
6 Juillet 2017 Ramil Guliyev 9.97 27 Ans, 38 Jours Turquie 9.97 (2017)
4%
7 Août 2018 Reece Prescod 9.96 22 Ans, 160 Jours Grande Bretagne 9.93 (2022)
4%
7 Juin 2023 Shaun Maswanganyi 9.99 22 Ans, 126 Jours Afrique du Sud 9.91 (2023)
4%
12 Avril 2002 Shawn Crawford 9.99 24 Ans, 88 Jours USA 9.88 (2004) Oui
4%
16 Avril 2011 Steve Mullings 9.9 28 Ans, 139 Jours Jamaique 9.80 (2011) Oui
4%
12 Juin 1997 Tim Montgomery 9.96 22 Ans, 138 Jours USA 9.92 (1997) Oui
4%
14 Mai 2021 Tlotliso Leotlela 9.94 23 Ans, 2 Jours Afrique du Sud 9.94 (2021)
4%
19 Août 2010 Trell Kimmons 9.95 25 Ans, 37 Jours USA 9.95 (2010)
4%
28 Septembre 2007 Wallace Spearmon 9.96 22 Ans, 278 Jours USA 9.96 (2007)
4%
11 Septembre 1991 Andre Cason 9.99 22 Ans, 234 Jours USA 9.92 (1993)
3%
16 Juin 2018 Arthur Gue Cissé 9.94 21 Ans, 169 Jours Côte d'Ivoire 9.93 (2019)
3%
15 Juin 1995 Bruny Surin 9.97 27 Ans, 338 Jours Canada 9.84 (1999)
3%
7 Juin 2023 Cole Beck 9.97 24 Ans, 94 Jours USA 9.97 (2023)
3%
2 Juillet 2023 Emmanuel Eseme 9.97 29 Ans, 319 Jours Cameroon 9.96 (2023)
3%
16 Juin 2023 Eugene Amo-Dadzie 9.93 30 Ans, 359 Jours Grande Bretagne 9.93 (2023)
3%
14 Août 2021 Ferdinand Omurwa 9.96 25 Ans, 224 Jours Kenya 9.77 (2021)
3%
7 Juin 2023 Godson Oghenebrume 9.96 20 Ans, 11 Jours Nigeria 9.90 (2023)
3%
12 Juin 2016 Jak Ali Harvey 9.92 27 Ans, 39 Jours Turquie 9.92 (2016)
3%
23 Juin 2017 Julian Forte 9.99 23 Ans, 357 Jours Jamaique 9.91 (2017)
3%
7 Juillet 2012 Kemar Hyman 9.95 22 Ans, 270 Jours Iles Cayman 9.95 (2012)
3%
22 Juillet 2005 Leonard Scott 9.94 25 Ans, 184 Jours USA 9.91 (2006)
3%
7 Juin 2024 Louie Hinchliffe 9.95 21 Ans, 325 Jours Grande Bretagne 9.95 (2024)
3%
25 Juin 2005 Marc Burns 9.96 22 Ans, 169 Jours Trinité et Tobago 9.96 (2005)
3%
29 Août 2010 Mario Forsythe 9.99 24 Ans, 303 Jours Jamaique 9.95 (2010)
3%
13 Mai 2017 Nethaneel Mitchell-Blake 9.99 23 Ans, 41 Jours Grande Bretagne 9.99 (2017)
3%
23 Avril 2011 Ngonidzashe Makusha 9.97 24 Ans, 43 Jours Zimbabwe 9.89 (2011)
3%
23 Avril 2016 Omar McLeod 9.99 21 Ans, 364 Jours Jamaique 9.99 (2016)
3%
7 Juin 2023 Pjai Austin 9.89 22 Ans, 261 Jours USA 9.89 (2023)
3%
20 Mai 1989 Raymond Stewart 9.97 24 Ans, 63 Jours Jamaique 9.96 (1991)
3%
3 Juillet 2022 Reynier Mena 9.99 25 Ans, 224 Jours Cuba 9.99 (2022)
3%
6 Juin 2021 Ryota Yamagata 9.95 28 Ans, 361 Jours Japon 9.95 (2021)
3%
10 Mai 2008 Travis Padgett 9.96 21 Ans, 149 Jours USA 9.89 (2008)
3%
26 Mai 2023 Udodi Onwuzurike 9.91 20 Ans, 117 Jours Nigeria 9.91 (2023)
3%
8 Juin 2007 Walter Dix 9.93 21 Ans, 128 Jours USA 9.88 (2010)
3%
19 Juin 2018 Xie Zhenye 9.97 24 Ans, 306 Jours Chine 9.97 (2018)
3%
9 Septembre 2017 Yoshihide Kiryū 9.98 21 Ans, 268 Jours Japon 9.98 (2017)
3%
3 Juillet 2022 Yupun Abeykoon 9.96 27 Ans, 184 Jours Sri Lanka 9.96 (2022)
3%
29 Mars 2023 Bouwahjgie Nkrumie 9.99 19 Ans, 41 Jours Jamaique 9.99 (2023)
1%
21 Juin 2013 Charles Silmon 9.98 21 Ans, 352 Jours USA 9.98 (2013)
1%
11 Juin 2022 Cravont Charleston 9.98 24 Ans, 160 Jours USA 9.91 (2023)
1%
9 Juin 2023 Da'Marcus Fleming 9.97 21 Ans, 170 Jours USA 9.97 (2023)
1%
31 Juillet 2021 Enoch Adegoke 9.98 21 Ans, 145 Jours Nigeria 9.98 (2021)
1%
2 Juillet 1999 Jason Gardener 9.98 23 Ans, 287 Jours Grande Bretagne 9.98 (1999)
1%
18 Avril 1992 Michael Marsh 9.93 24 Ans, 258 Jours USA 9.93 (1992)
1%
25 Juin 2015 Quentin Butler 9.96 22 Ans, 280 Jours USA 9.96 (2015)
1%
6 Juillet 2023 Rohan Watson 9.98 21 Ans, 68 Jours Jamaique 9.91 (2023)
1%
26 Juillet 2007 Samuel Francis 9.99 20 Ans, 121 Jours Qatar 9.99 (2007)
1%
5 Juillet 1999 Tim Harden 9.92 25 Ans, 159 Jours USA 9.92 (1999)
1%
21 Juillet 2018 Tyquendo Tracey 9.96 25 Ans, 41 Jours Jamaique 9.96 (2018)
1%
25 Mai 2018 Andre Ewers 9.98 22 Ans, 352 Jours Jamaique 9.98 (2018)
0%
11 Juillet 2015 Andrew Fisher 9.94 23 Ans, 208 Jours Jamaique 9.94 (2015)
0%
14 Juin 2005 Aziz Zakari 9.99 28 Ans, 285 Jours Ghana 9.99 (2005) Oui
0%
9 Juillet 2018 Barakat Al Harthi 9.97 30 Ans, 24 Jours Oman 9.97 (2018) Oui
0%
27 Avril 2024 Brandon Hicklin 9.94 25 Ans, 25 Jours USA 9.94 (2024)
0%
28 Juin 2024 Bryan Levell 9.98 20 Ans, 188 Jours Jamaique 9.98 (2024)
0%
17 Mai 2015 Bryce Robinson 9.99 21 Ans, 185 Jours USA 9.99 (2015)
0%
10 Mai 2015 Clayton Vaughn 9.93 22 Ans, 360 Jours USA 9.93 (2015)
0%
21 Mai 1993 Daniel Effiong 9.99 20 Ans, 338 Jours Nigeria 9.98 (1993) Oui
0%
18 Avril 1992 Davidson Ezinwa 9.96 20 Ans, 148 Jours Nigeria 9.94 (1994) Oui
0%
16 Avril 2022 Davonte Burnett 9.99 22 Ans, 48 Jours USA 9.99 (2022)
0%
19 Juillet 2003 Deji Aliu 9.98 27 Ans, 239 Jours Nigeria 9.95 (2003)
0%
5 Juin 2013 Dentarius Locke 9.97 23 Ans, 175 Jours USA 9.96 (2013)
0%
25 Juin 2015 Diondre Batson 9.94 22 Ans, 347 Jours USA 9.94 (2015)
0%
28 Juillet 2023 Erik Cardoso 9.97 23 Ans, 147 Jours Brésil 9.97 (2023)
0%
9 Septembre 2023 Felipe Bardi 9.96 24 Ans, 336 Jours Brésil 9.96 (2023)
0%
8 Juin 2013 Gabriel Mvumvure 9.98 25 Ans, 105 Jours Zimbabwe 9.98 (2013)
0%
6 Juin 2012 Harry Adams 9.96 22 Ans, 192 Jours USA 9.96 (2012)
0%
5 Juillet 2015 Henricho Bruintjies 9.97 21 Ans, 354 Jours Afrique du Sud 9.97 (2015)
0%
25 Mai 2018 Jaylen Bacon 9.97 21 Ans, 293 Jours USA 9.97 (2018)
0%
18 Juin 2024 Jhonny Rentería 9.97 27 Ans, 84 Jours Colombie 9.97 (2024)
0%
30 Juillet 2016 Joel Fearon 9.96 27 Ans, 293 Jours Grande Bretagne 9.96 (2016)
0%
15 Août 2003 John Capel 9.97 24 Ans, 261 Jours USA 9.95 (2004) Oui
0%
23 Avril 2022 Joseph Paul Amoah 9.94 25 Ans, 101 Jours Ghana 9.94 (2022)
0%
6 Juillet 2023 Kadrian Goldson 9.94 25 Ans, 240 Jours Jamaique 9.94 (2023)
0%
5 Juin 1999 Leonard Myles-Mills 9.98 26 Ans, 27 Jours Ghana 9.98 (1999)
0%
28 Août 2009 Lerone Clarke 9.99 28 Ans, 52 Jours Jamaique 9.99 (2009)
0%
18 Août 2006 Marcus Brunson 9.99 28 Ans, 116 Jours USA 9.99 (2006)
0%
5 Juin 2019 Mario Burke 9.98 22 Ans, 79 Jours Barbade 9.98 (2019)
0%
28 Juin 2008 Mark Jelks 9.99 24 Ans, 79 Jours USA 9.99 (2008) Oui
0%
5 Mai 1984 Mel Lattany 9.96 24 Ans, 269 Jours USA 9.96 (1984)
0%
15 Août 2003 Mickey Grimes 9.99 26 Ans, 309 Jours USA 9.99 (2003) Oui
0%
10 Juin 2011 Mookie Salaam 9.97 21 Ans, 66 Jours USA 9.97 (2011)
0%
22 Avril 2017 Odean Skeen 9.98 22 Ans, 237 Jours Jamaique 9.98 (2017)
0%
4 Avril 1992 Olapade Adeniken 9.97 22 Ans, 229 Jours Nigeria 9.95 (1994)
0%
20 Juin 1997 Percival Spencer 9.98 22 Ans, 116 Jours Jamaique 9.98 (1997)
0%
27 Août 2019 Raymond Ekevwo 9.96 20 Ans, 156 Jours Nigeria 9.96 (2019)
0%
1 Juin 2024 Reynaldo R. Espinosa 9.96 21 Ans, 121 Jours Cuba 9.96 (2024)
0%
22 Fevrier 2019 Roberto Skyers 9.98 27 Ans, 102 Jours Cuba 9.98 (2019)
0%
28 Juillet 2023 Ronal Longa 9.99 19 Ans, 28 Jours Colombie 9.99 (2023)
0%
24 Juin 2016 Rondel Sorrillo 9.99 30 Ans, 153 Jours Trinité et Tobago 9.99 (2016)
0%
7 Juillet 2023 Ryiem Forde 9.96 22 Ans, 44 Jours Jamaique 9.96 (2023)
0%
8 Juin 2016 Senoj-Jay Givans 9.96 22 Ans, 161 Jours Jamaique 9.96 (2016)
0%
13 Juillet 1997 Seun Ogunkoya 9.97 19 Ans, 197 Jours Nigeria 9.92 (1998)
0%
1 Juin 2024 Shainer Reginfo Montoya 9.9 22 Ans, 54 Jours Cuba 9.90 (2024)
0%
11 Août 1977 Silvio Leonard 9.98 21 Ans, 325 Jours Cuba 9.98 (1977)
0%
12 Avril 2014 Simon Magakwe 9.98 A 27 Ans, 333 Jours Afrique du Sud 9.98 (2014) Oui
0%
17 Mars 2017 Thando Roto 9.95 21 Ans, 172 Jours Afrique du Sud 9.95 (2017)
0%
12 Octobre 2003 Uchenna Emedolu 9.97 27 Ans, 25 Jours Nigeria 9.97 (2003)
0%
9 Août 1998 Vincent Henderson 9.95 25 Ans, 293 Jours USA 9.95 (1998)
0%
20 Juillet 2019 Yuki Koike 9.98 24 Ans, 68 Jours Japon 9.98 (2019)
0%
Aucun quiz correspondant
Distribution des résultats
% des personnes avec chaque résultat
Percentile par nombre de réponses
Votre historique - résultats
Vous n’avez pas pris ce quiz